Statistics for Rock Bands By Member #4

Click here to take the quiz!

General Stats

  • This quiz has been taken 103 times
  • The average score is 8 of 15

Answer Stats

Band MemberBand% Correct
Gene SimmonsKISS
94%
Billie Joe Armstrong
Green Day
88%
Nikki SixxMötley Crüe
81%
David ByrneTalking Heads
75%
Frank BeardZZ Top
70%
John LydonSex Pistols
63%
Rick AllenDef Leppard
55%
Donald FagenSteely Dan
54%
Paul SimononThe Clash
54%
Paul RodgersBad Company
51%
John DensmoreThe Doors
48%
Lawrence GowanStyx
22%
Kim ThayilSoundgarden
19%
John IllsleyDire Straits
13%
Howie EpsteinTom Petty and the Heartbreakers
4%

Score Distribution

Percentile by Number Answered

Percent of People with Each Score

Your Score History

You have not taken this quiz